| 000 | 00695nam a22002177a 4500 | ||
|---|---|---|---|
| 003 | OSt | ||
| 005 | 20260309085650.0 | ||
| 008 | 260309b |||||||| |||| 00| 0 eng d | ||
| 020 | _a978-971-9655-40-4 | ||
| 040 |
_aDWCL Main lib _cOC |
||
| 082 | _aFil. 371.1 S243t 2024 | ||
| 100 | _aSarandi, Darwin A. | ||
| 245 |
_aThe teaching profession in the 21st century _cDarwin A. Sarandi |
||
| 260 |
_aManila, Philippines: _bMindshapers, _cc2024. |
||
| 300 |
_ax, 142 pages: _billustrations; _c25 cm. |
||
| 504 | _aIncludes bibliographical references. | ||
| 650 | _a1. Teaching. | ||
| 650 | _a2. Education--study and teaching. | ||
| 700 | _aMichael R. Babao | ||
| 942 |
_2ddc _cBK - FIL _kFil. _n0 |
||
| 999 |
_c8782 _d8782 |
||